header

Hesiodi Carmina (Record no. 105902)

MARC details
000 -LEADER
fixed length control field 01341nam a2200373 a 4500
100 0# - MAIN ENTRY--AUTHOR NAME
Personal name Hesiod.
245 10 - TITLE STATEMENT
Title Hesiodi Carmina
250 ## - EDITION STATEMENT
Edition statement Ed. stereotypa editionis tertiae (1913).
260 ## - PUBLICATION, DISTRIBUTION, ETC. (IMPRINT)
Place of publication Stuttgart :
Name of publisher B.G. Teubneri,
Year of publication 1992.
300 ## - PHYSICAL DESCRIPTION
Number of Pages v, 144 p.
500 ## - GENERAL NOTE
General note Includes index.
650 #0 - SUBJECT ADDED ENTRY--TOPICAL TERM
Topical Term Greek poetry.
Topical Term Epic poetry, Greek.
700 1# - ADDED ENTRY--PERSONAL NAME
Personal name Rzach, Aloisius.
856 40 - ELECTRONIC LOCATION AND ACCESS
Uniform Resource Identifier http://site.ebrary.com/lib/rucke/Doc?id=10591271

No items available.

© 2026 Rongo University
Contact us: librarian | system librarian | Rongo university